书目信息 |
| 题名: |
故事里面有哲学
|
|
| 作者: | 程力群 著 | |
| 分册: | ||
| 出版信息: | 石家庄 河北人民出版社 1980 |
|
| 页数: | 153页 | |
| 开本: | 19cm | |
| 丛书名: | ||
| 单 册: | ||
| 中图分类: | B201 | |
| 科图分类: | ||
| 主题词: | 唯物主义--哲学--中国 | |
| 电子资源: | ||
| ISBN: | ||
| 000 | 00617nam0 2200229 45 | |
| 001 | 0180005711 | |
| 005 | 20060911110607.76 | |
| 010 | @dCNY0.40 | |
| 091 | @a2086.9 | |
| 100 | @a19950608d1980 em y0chiy0121 ea | |
| 101 | 0 | @achi |
| 102 | @aCN@b130000 | |
| 105 | @af z 000yy | |
| 200 | 10 | @a故事里面有哲学@Agu shi li mian you zhe xue@f程力群著@FCheng Li Qun Zhu |
| 210 | @a石家庄@c河北人民出版社@d1980 | |
| 215 | @a153页@c图@d19cm | |
| 606 | 0 | @a唯物主义@x哲学@x中国 |
| 690 | @aB201@v3 | |
| 701 | 0 | @a程力群@4著 |
| 801 | 0 | @aCN@b上海图书馆@c20060911 |
| 801 | 2 | @aCN@bNLC@c20060728 |
| 905 | @dB201@e5@f1@b24433 | |
| 故事里面有哲学/程力群著.-石家庄:河北人民出版社,1980 |
| 153页:图;19cm |
| ISBN :CNY0.40 |
| ● |
| 相关链接 |
|
|
|
|
正题名:故事里面有哲学
索取号:B201/5
 
预约/预借
| 序号 | 登录号 | 条形码 | 馆藏地/架位号 | 状态 | 备注 |
| 1 | 0024431 | 001123741 | 密集书库/ [索取号:B201/5] | 在馆 | |
| 2 | 0024433 | 002048858 | 第一样本阅览室/ [索取号:B201/5] | 在馆 | |
| 3 | 0024434 | 001123787 | 密集书库/ [索取号:B201/5] | 在馆 | |
| 4 | 0440293 | 204402930 | 密集书库/ [索取号:B201/5] | 在馆 | |
| 5 | 0471925 | 204719251 | 密集书库/ [索取号:B201/5] | 在馆 |